Deriváty na počasie na finančnom trhu

Enregistré dans:
Détails bibliographiques
Auteur principal: Gertler, Ľubomíra, 1977-
Format: Chapitre de livre
Langue:slovaque
Tags: Ajouter un tag
Pas de tags, Soyez le premier à ajouter un tag!

MARC

LEADER 00000naa$a2200000$$$4500
001 0168278
005 20240502083411.2
041 0 |a slo 
044 |a CZ 
245 1 0 |a Deriváty na počasie na finančnom trhu  |c Ľubomíra Gertler 
100 1 |a Gertler, Ľubomíra, 1977-